Применение методов интервального голосования для синхронизации режимов сна и бодрствования узлов беспроводной сенсорной сети; Современные техника и технологии; Т. 1
| Parent link: | Современные техника и технологии: сборник трудов XXI международной научной конференции студентов, аспирантов и молодых ученых, Томск, 5-9 октября 2015 г./ Национальный исследовательский Томский политехнический университет (ТПУ).— , 2015 Т. 1.— [С. 311-313] |
|---|---|
| Autor principal: | |
| Autor Corporativo: | |
| Outros Autores: | |
| Resumo: | Заглавие с титульного экрана Energy conservation is one of the main issues of WSN research. To save energy and prolong sensor nodes lives, nodes operate in a duty-cycling work mode. Synchronous duty-cycling protocols require time synchronization in order to enable nodes to simultaneously sleep and wake up. In this paper, a method for nodes synchronization based on interval voting is proposed. The method allows to obtain consensus relation in a form of interval by means of sensor data fusion technique and apply it for nodes synchronization, thus solving a problem of choosing reference time node. |
| Idioma: | russo |
| Publicado em: |
|
| Colecção: | Электронные устройства контроля и диагностики |
| Assuntos: | |
| Acesso em linha: | http://earchive.tpu.ru/handle/11683/22171 http://www.lib.tpu.ru/fulltext/c/2015/C01/V1/096.pdf |
| Formato: | MixedMaterials Recurso Electrónico Capítulo de Livro |
| KOHA link: | https://koha.lib.tpu.ru/cgi-bin/koha/opac-detail.pl?biblionumber=615133 |
MARC
| LEADER | 00000naa2a2200000 4500 | ||
|---|---|---|---|
| 001 | 615133 | ||
| 005 | 20240303183821.0 | ||
| 035 | |a (RuTPU)RU\TPU\conf\13332 | ||
| 035 | |a RU\TPU\conf\13326 | ||
| 090 | |a 615133 | ||
| 100 | |a 20151027d2015 k y0rusy50 ca | ||
| 101 | 0 | |a rus | |
| 102 | |a RU | ||
| 105 | |a y z 101zy | ||
| 135 | |a drcn ---uucaa | ||
| 181 | 0 | |a i | |
| 182 | 0 | |a b | |
| 200 | 1 | |a Применение методов интервального голосования для синхронизации режимов сна и бодрствования узлов беспроводной сенсорной сети |d Interval voting technique for active and dormant state synchronization of the nodes in WSN |f Л. И. Худоногова |g науч. рук. С. В. Муравьев | |
| 203 | |a Текст |c электронный | ||
| 225 | 1 | |a Электронные устройства контроля и диагностики | |
| 300 | |a Заглавие с титульного экрана | ||
| 320 | |a [Библиогр.: с. 313 (5 назв.)] | ||
| 330 | |a Energy conservation is one of the main issues of WSN research. To save energy and prolong sensor nodes lives, nodes operate in a duty-cycling work mode. Synchronous duty-cycling protocols require time synchronization in order to enable nodes to simultaneously sleep and wake up. In this paper, a method for nodes synchronization based on interval voting is proposed. The method allows to obtain consensus relation in a form of interval by means of sensor data fusion technique and apply it for nodes synchronization, thus solving a problem of choosing reference time node. | ||
| 337 | |a Adobe Reader | ||
| 461 | 1 | |0 (RuTPU)RU\TPU\conf\13102 |t Современные техника и технологии |o сборник трудов XXI международной научной конференции студентов, аспирантов и молодых ученых, Томск, 5-9 октября 2015 г. |o в 2 т. |f Национальный исследовательский Томский политехнический университет (ТПУ) |d 2015 | |
| 463 | 0 | |0 (RuTPU)RU\TPU\conf\13104 |t Т. 1 |f под ред. А. А. Сивкова [и др.] |v [С. 311-313] | |
| 510 | 1 | |a Interval voting technique for active and dormant state synchronization of the nodes in WSN |z eng | |
| 610 | 1 | |a труды учёных ТПУ | |
| 610 | 1 | |a электронный ресурс | |
| 610 | 1 | |a голосование | |
| 610 | 1 | |a синхронизация | |
| 610 | 1 | |a сны | |
| 610 | 1 | |a бодрствование | |
| 610 | 1 | |a беспроводные сети | |
| 610 | 1 | |a сенсорные сети | |
| 700 | 1 | |a Худоногова |b Л. И. |c специалист в области информатики и вычислительной техники |c доцент Томского политехнического университета, кандидат технических наук |f 1989- |g Людмила Игоревна |y Томск |3 (RuTPU)RU\TPU\pers\30640 |9 14921 | |
| 702 | 1 | |a Муравьев |b С. В. |c специалист в области контрольно-измерительной техники |c профессор Томского политехнического университета, доктор технических наук |f 1954- |g Сергей Васильевич |4 727 | |
| 712 | 0 | 2 | |a Национальный исследовательский Томский политехнический университет (ТПУ) |b Институт кибернетики (ИК) |b Кафедра компьютерных измерительных систем и метрологии (КИСМ) |3 (RuTPU)RU\TPU\col\18706 |
| 801 | 2 | |a RU |b 63413507 |c 20210120 |g RCR | |
| 856 | 4 | |u http://earchive.tpu.ru/handle/11683/22171 | |
| 856 | 4 | |u http://www.lib.tpu.ru/fulltext/c/2015/C01/V1/096.pdf | |
| 942 | |c BK | ||